<?xml version="1.0" encoding="UTF-8"?>
<collection xmlns="http://www.loc.gov/MARC21/slim">
 <record>
  <leader>01044nam a2200241 a 4500</leader>
  <controlfield tag="001">1/33944</controlfield>
  <controlfield tag="008">071107s2001    gw        i   10110 eng d</controlfield>
  <datafield tag="020" ind1=" " ind2=" ">
   <subfield code="a">3540420703</subfield>
  </datafield>
  <datafield tag="035" ind1=" " ind2=" ">
   <subfield code="l">36381</subfield>
  </datafield>
  <datafield tag="040" ind1=" " ind2=" ">
   <subfield code="a">GR-PeUP</subfield>
  </datafield>
  <datafield tag="082" ind1="0" ind2="0">
   <subfield code="a">005.8'2 EUR</subfield>
  </datafield>
  <datafield tag="111" ind1="2" ind2=" ">
   <subfield code="a">EUROCRYPT</subfield>
   <subfield code="n">(</subfield>
   <subfield code="d">2001 :</subfield>
   <subfield code="c">Innsbruck, Austria)</subfield>
  </datafield>
  <datafield tag="245" ind1="1" ind2="0">
   <subfield code="a">Advances in cryptology-EUROCRYPT 2001 :</subfield>
   <subfield code="b">International Conference on the Theory and Application of Cryptographic Techniques, Innsbruck, Austria, May 6-10, 2001 : proceedings /</subfield>
   <subfield code="c">ed. by Birgit. Pfitzmann.</subfield>
  </datafield>
  <datafield tag="260" ind1="0" ind2=" ">
   <subfield code="a">Berlin :</subfield>
   <subfield code="b">Springer,</subfield>
   <subfield code="c">2001.</subfield>
  </datafield>
  <datafield tag="300" ind1=" " ind2=" ">
   <subfield code="a">xii, 544 σ. ;</subfield>
   <subfield code="c">24 εκ.</subfield>
  </datafield>
  <datafield tag="490" ind1="1" ind2=" ">
   <subfield code="a">Lecture Notes in Computer Science ;</subfield>
  </datafield>
  <datafield tag="504" ind1=" " ind2=" ">
   <subfield code="a">Περιέχει βιβλιογραφικές αναφορές</subfield>
  </datafield>
  <datafield tag="650" ind1=" " ind2="4">
   <subfield code="a">Cryptography</subfield>
   <subfield code="x">Congresses.</subfield>
  </datafield>
  <datafield tag="650" ind1=" " ind2="4">
   <subfield code="a">Data encryption (Computer science)</subfield>
   <subfield code="x">Congresses.</subfield>
  </datafield>
  <datafield tag="700" ind1="1" ind2=" ">
   <subfield code="a">Pfitzmann, Birgit.</subfield>
  </datafield>
  <datafield tag="830" ind1=" " ind2=" ">
   <subfield code="a">Lecture Notes in Computer Science ;</subfield>
   <subfield code="v">2045</subfield>
  </datafield>
  <datafield tag="852" ind1=" " ind2=" ">
   <subfield code="a">INST</subfield>
   <subfield code="b">UNIPILB</subfield>
   <subfield code="c">MAIN</subfield>
   <subfield code="e">20071121</subfield>
   <subfield code="h">005.8'2 EUR</subfield>
   <subfield code="p">00154393</subfield>
   <subfield code="q">00154393</subfield>
   <subfield code="t">LOAN</subfield>
   <subfield code="y">0</subfield>
   <subfield code="4">1</subfield>
  </datafield>
  <datafield tag="856" ind1="4" ind2=" ">
   <subfield code="d">/webopac/covers/02/36381_3540420703.jpg</subfield>
  </datafield>
 </record>
</collection>
